00362nam a2200145Ia 4500003000400000005001700004008004100021020001800062040000900080082002500089100001900114245003500133260003900168300000900207OSt20200125121342.0190216s9999||||xx |||||||||||||| ||und|| a9789380902715 coclc a332.106880954bSHA/B a Shankar, Hari 0aBank Marketing /cHari Shankar bAadi Publications,c2012.aJaipur: a310p